| 000 | 01112nam a2200217Ia 4500 | ||
|---|---|---|---|
| 003 | Ost | ||
| 005 | 20260507075023.0 | ||
| 008 | 260507s9999||||xx |||||||||||||| ||und|| | ||
| 040 | _cfsecg | ||
| 041 | _aara | ||
| 082 | _a330 | ||
| 100 |
_aطنطاوي، ممدوح _eمؤلف |
||
| 245 | 0 |
_aالتوفيق والتحكيم ولجان فض المنازعات ، الغرفة التجارية ومراكز التوفيق والتحكيم / _c ممدوح طنطاوي |
|
| 260 |
_aالاسكندرية: _bمنشأة المعارف, _c2003 |
||
| 300 |
_a273 صفحة؛ _bإيضاحات ؛ _c24 سم |
||
| 490 | _aالكتب القانونية | ||
| 520 | _aفي التحكيم- في التحكيم الإختياري- أهمية التحكيم- اتفاق التحكيم- هيئة التحكيم- إجراءات التحكيم- حكم التحكيم والإجراءات- بطلان حكم التحكيم- التحكيم الإجباري- التوفيق والتحكيم في الغرف التجارية- لجان التوفيق | ||
| 653 | _aالأحكام | ||
| 653 | _aالتحكيم | ||
| 942 | _cكتاب | ||
| 999 |
_c42297 _d42297 |
||